{"text_format":"3","workbook":"xlsx","n_sheets":1,"sheets":["Worksheet"],"read":"whole","date_system":"1900"}

{"sheet":"Worksheet","index":0,"n_rows":89,"n_cols":15,"rows_kept":89}
["Фамилия","Имя","Отчество","Пол","Дата рождения","Участник с ОВЗ","Класс","Класс участия","Балл","Макс. балл","Статус","Призер МЭ прошлого года","Учитель","Место работы учителя","Предмет"]
["Хайруллин","Самат","Рушанович","м","28.11.2013",null,5,5,20,25,"победитель",null,"Хамзина Айзиля Айдаровна","МБОУ \"Адымнар-Нижнекамск\" НМР РТ","Родная (татарская) литература для обучающихся школ с родным языком обучения"]
["Аглиуллин","Хамза","Рамилевич","м","13.03.2015",null,5,5,17,25,"призер",null,"Зайдуллина Энже Фаизовна","МБОУ \"Адымнар-Нижнекамск\" НМР РТ","Родная (татарская) литература для обучающихся школ с родным языком обучения"]
["Асадуллина","Алия","Фаридовна","ж","13.05.2014",null,5,5,11,25,"участник",null,"Кульмухаметова Зульфия Эдуардовна","МБОУ \"Адымнар-Нижнекамск\" НМР РТ","Родная (татарская) литература для обучающихся школ с родным языком обучения"]
["Ахмадиев","Рамазан","Русланович","м","13.01.2014",null,5,5,11,25,"участник",null,"Кульмухаметова Зульфия Эдуардовна","МБОУ \"Адымнар-Нижнекамск\" НМР РТ","Родная (татарская) литература для обучающихся школ с родным языком обучения"]
["Гималетдинов","Айзат","Динарович","м","13.04.2014",null,5,5,11,25,"участник",null,"Зайдуллина Энже Фаизовна","МБОУ \"Адымнар-Нижнекамск\" НМР РТ","Родная (татарская) литература для обучающихся школ с родным языком обучения"]
["Авзалова","Гульнур","Эдуардовна","ж","05.02.2014",null,5,5,11,25,"участник",null,"Зайдуллина Энже Фаизовна","МБОУ \"Адымнар-Нижнекамск\" НМР РТ","Родная (татарская) литература для обучающихся школ с родным языком обучения"]
["Авзалов","Артур","Эдуардович","м","05.02.2014",null,5,5,11,25,"участник",null,"Зайдуллина Энже Фаизовна","МБОУ \"Адымнар-Нижнекамск\" НМР РТ","Родная (татарская) литература для обучающихся школ с родным языком обучения"]
["Галимова","Рамина","Алмазовна","ж","05.08.2014",null,5,5,11,25,"участник",null,"Зайдуллина Энже Фаизовна","МБОУ \"Адымнар-Нижнекамск\" НМР РТ","Родная (татарская) литература для обучающихся школ с родным языком обучения"]
["Саматов","Амир","Маратович","м","15.08.2014",null,5,5,11,25,"участник",null,"Зайдуллина Энже Фаизовна","МБОУ \"Адымнар-Нижнекамск\" НМР РТ","Родная (татарская) литература для обучающихся школ с родным языком обучения"]
["Марданшина","Айсылу","Ильнуровна","ж","27.03.2014",null,5,5,11,25,"участник",null,"Зайдуллина Энже Фаизовна","МБОУ \"Адымнар-Нижнекамск\" НМР РТ","Родная (татарская) литература для обучающихся школ с родным языком обучения"]
["Гилазтдинов","Булат","Ильдарович","м","22.11.2013",null,5,5,11,25,"участник",null,"Зайдуллина Энже Фаизовна","МБОУ \"Адымнар-Нижнекамск\" НМР РТ","Родная (татарская) литература для обучающихся школ с родным языком обучения"]
["Галимов","Зиннур","Ильшатович","м","08.05.2014",null,5,5,11,25,"участник",null,"Зайдуллина Энже Фаизовна","МБОУ \"Адымнар-Нижнекамск\" НМР РТ","Родная (татарская) литература для обучающихся школ с родным языком обучения"]
["Тимиркаева","Малика","Тимуровна","ж","14.01.2014",null,5,5,11,25,"участник",null,"Зайдуллина Энже Фаизовна","МБОУ \"Адымнар-Нижнекамск\" НМР РТ","Родная (татарская) литература для обучающихся школ с родным языком обучения"]
["Сулейманов","Ранис","Рафисович","м","27.06.2014",null,5,5,11,25,"участник",null,"Зайдуллина Энже Фаизовна","МБОУ \"Адымнар-Нижнекамск\" НМР РТ","Родная (татарская) литература для обучающихся школ с родным языком обучения"]
["Хабибуллина","Амина","Ильдаровна","ж","16.06.2013",null,6,6,20,25,"победитель",null,"Валеева Лейсан Мидхатовна","МБОУ \"Адымнар-Нижнекамск\" НМР РТ","Родная (татарская) литература для обучающихся школ с родным языком обучения"]
["Закирова","Айсылу","Фидаилевна","ж","26.02.2013",null,6,6,18,25,"призер",null,"Валеева Лейсан Мидхатовна","МБОУ \"Адымнар-Нижнекамск\" НМР РТ","Родная (татарская) литература для обучающихся школ с родным языком обучения"]
["Мифтахова","Амира","Залилевна","ж","03.10.2013",null,6,6,17,25,"участник",null,"Валеева Лейсан Мидхатовна","МБОУ \"Адымнар-Нижнекамск\" НМР РТ","Родная (татарская) литература для обучающихся школ с родным языком обучения"]
["Мингалиева","Фарида","Маратовна","ж","10.11.2013",null,6,6,17,25,"участник",null,"Хамзина Айзиля Айдаровна","МБОУ \"Адымнар-Нижнекамск\" НМР РТ","Родная (татарская) литература для обучающихся школ с родным языком обучения"]
["Гайнутдинов","Ильдар","Ринатович","м","03.04.2013",null,6,6,17,25,"участник",null,"Хамзина Айзиля Айдаровна","МБОУ \"Адымнар-Нижнекамск\" НМР РТ","Родная (татарская) литература для обучающихся школ с родным языком обучения"]
["Латыпов","Рамазан","Олегович","м","12.07.2013",null,6,6,17,25,"участник",null,"Валеева Лейсан Мидхатовна","МБОУ \"Адымнар-Нижнекамск\" НМР РТ","Родная (татарская) литература для обучающихся школ с родным языком обучения"]
["Нурмеев","Ислам","Ильназович","м","03.02.2013",null,6,6,16,25,"участник",null,"Валеева Лейсан Мидхатовна","МБОУ \"Адымнар-Нижнекамск\" НМР РТ","Родная (татарская) литература для обучающихся школ с родным языком обучения"]
["Рыспеков","Амир","Айбекович","м","15.05.2013",null,6,6,16,25,"участник",null,"Валеева Лейсан Мидхатовна","МБОУ \"Адымнар-Нижнекамск\" НМР РТ","Родная (татарская) литература для обучающихся школ с родным языком обучения"]
["Султанов","Салим","Альбертович","м","17.01.2013",null,6,6,14,25,"участник",null,"Валеева Лейсан Мидхатовна","МБОУ \"Адымнар-Нижнекамск\" НМР РТ","Родная (татарская) литература для обучающихся школ с родным языком обучения"]
["Усманова","Амина","Марсовна","ж","10.12.2012",null,6,6,14,25,"участник",null,"Валеева Лейсан Мидхатовна","МБОУ \"Адымнар-Нижнекамск\" НМР РТ","Родная (татарская) литература для обучающихся школ с родным языком обучения"]
["Фархутдинов","Амаль","Ильдарович","м","14.12.2013",null,6,6,14,25,"участник",null,"Валеева Лейсан Мидхатовна","МБОУ \"Адымнар-Нижнекамск\" НМР РТ","Родная (татарская) литература для обучающихся школ с родным языком обучения"]
["Гильфанова","Амина","Ильназовна","ж","25.01.2012",null,7,7,27,30,"победитель",null,"Ялалова Зульфия Фаеловна","МБОУ \"Адымнар-Нижнекамск\" НМР РТ","Родная (татарская) литература для обучающихся школ с родным языком обучения"]
["Бахтиева","Резеда","Наилевна","ж","15.11.2011",null,7,7,25,30,"призер",null,"Ялалова Зульфия Фаеловна","МБОУ \"Адымнар-Нижнекамск\" НМР РТ","Родная (татарская) литература для обучающихся школ с родным языком обучения"]
["Гарипов","Динар","Фанилович","м","26.08.2012",null,7,7,25,30,"призер",null,"Ялалова Зульфия Фаеловна","МБОУ \"Адымнар-Нижнекамск\" НМР РТ","Родная (татарская) литература для обучающихся школ с родным языком обучения"]
["Гайнутдинова","Дина","Дамировна","ж","19.12.2012",null,7,7,15,30,"призер",null,"Исмагилова Алина Альбиновна","МБОУ \"Адымнар-Нижнекамск\" НМР РТ","Родная (татарская) литература для обучающихся школ с родным языком обучения"]
["Бекжанова","Сююмбике","Расуловна","ж","08.06.2012",null,7,7,15,30,"участник",null,"Исмагилова Алина Альбиновна","МБОУ \"Адымнар-Нижнекамск\" НМР РТ","Родная (татарская) литература для обучающихся школ с родным языком обучения"]
["Шаехова","Нурийа","Марселевна","ж","11.08.2012",null,7,7,15,30,"участник",null,"Зайдуллина Энже Фаизовна","МБОУ \"Адымнар-Нижнекамск\" НМР РТ","Родная (татарская) литература для обучающихся школ с родным языком обучения"]
["Авзалов","Данияр","Эдуардович","м","09.08.2012",null,7,7,15,30,"участник",null,"Ялалова Зульфия Фаеловна","МБОУ \"Адымнар-Нижнекамск\" НМР РТ","Родная (татарская) литература для обучающихся школ с родным языком обучения"]
["Шайхутдинова","Камиля","Ранисовна","ж","04.07.2012",null,7,7,15,30,"участник",null,"Исмагилова Алина Альбиновна","МБОУ \"Адымнар-Нижнекамск\" НМР РТ","Родная (татарская) литература для обучающихся школ с родным языком обучения"]
["Хасанова","Диля","Наилевна","ж","13.11.2011",null,7,7,15,30,"участник",null,"Валеева Лейсан Мидхатовна","МБОУ \"Адымнар-Нижнекамск\" НМР РТ","Родная (татарская) литература для обучающихся школ с родным языком обучения"]
["Мурадымова","Амина","Ильдаровна","ж","24.05.2012",null,7,7,15,30,"участник",null,"Валеева Лейсан Мидхатовна","МБОУ \"Адымнар-Нижнекамск\" НМР РТ","Родная (татарская) литература для обучающихся школ с родным языком обучения"]
["Яппарова","Самира","Рамилевна","ж","25.02.2012",null,7,7,14,30,"участник",null,"Исмагилова Алина Альбиновна","МБОУ \"Адымнар-Нижнекамск\" НМР РТ","Родная (татарская) литература для обучающихся школ с родным языком обучения"]
["Абдиева","Амира","Фархадовна","ж","15.12.2011",null,7,7,14,30,"участник",null,"Исмагилова Алина Альбиновна","МБОУ \"Адымнар-Нижнекамск\" НМР РТ","Родная (татарская) литература для обучающихся школ с родным языком обучения"]
["Галяутдинова","Адиля","Радиковна","ж","07.01.2012",null,7,7,13,30,"участник",null,"Ялалова Зульфия Фаеловна","МБОУ \"Адымнар-Нижнекамск\" НМР РТ","Родная (татарская) литература для обучающихся школ с родным языком обучения"]
["Габитов","Радмир","Ринатович","м","21.01.2012",null,7,7,13,30,"участник",null,"Ялалова Зульфия Фаеловна","МБОУ \"Адымнар-Нижнекамск\" НМР РТ","Родная (татарская) литература для обучающихся школ с родным языком обучения"]
["Нуруллин","Риналь","Ильнарович","м","18.11.2011",null,7,7,13,30,"участник",null,"Ялалова Зульфия Фаеловна","МБОУ \"Адымнар-Нижнекамск\" НМР РТ","Родная (татарская) литература для обучающихся школ с родным языком обучения"]
["Зиганшин","Ислам","Рафилович","м","19.07.2012",null,7,7,13,30,"участник",null,"Ялалова Зульфия Фаеловна","МБОУ \"Адымнар-Нижнекамск\" НМР РТ","Родная (татарская) литература для обучающихся школ с родным языком обучения"]
["Шарафутдинов","Камиль","Маратович","м","01.06.2012",null,7,7,13,30,"участник",null,"Ялалова Зульфия Фаеловна","МБОУ \"Адымнар-Нижнекамск\" НМР РТ","Родная (татарская) литература для обучающихся школ с родным языком обучения"]
["Сахбутдинов","Мурат","Маратович","м","30.04.2012",null,7,7,13,30,"участник",null,"Исмагилова Алина Альбиновна","МБОУ \"Адымнар-Нижнекамск\" НМР РТ","Родная (татарская) литература для обучающихся школ с родным языком обучения"]
["Ризаев","Тимур","Денисович","м","20.04.2011",null,8,8,28,30,"победитель",null,"Ялалова Зульфия Фаеловна","МБОУ \"Адымнар-Нижнекамск\" НМР РТ","Родная (татарская) литература для обучающихся школ с родным языком обучения"]
["Гилазутдинов","Самат","Айратович","м","12.02.2011",null,8,8,25,30,"призер",null,"Зайдуллина Энже Фаизовна","МБОУ \"Адымнар-Нижнекамск\" НМР РТ","Родная (татарская) литература для обучающихся школ с родным языком обучения"]
["Срурова","Алия","Алмазовна",null,"02.08.2011",null,8,8,18,30,"участник",null,"Зайдуллина Энже Фаизовна","МБОУ \"Адымнар-Нижнекамск\" НМР РТ","Родная (татарская) литература для обучающихся школ с родным языком обучения"]
["Фархутдинов","Адиль","Ильназович","м","14.04.2011",null,8,8,18,30,"участник",null,"Ялалова Зульфия Фаеловна","МБОУ \"Адымнар-Нижнекамск\" НМР РТ","Родная (татарская) литература для обучающихся школ с родным языком обучения"]
["Моисеева","Аделина","Анваровна","ж","06.06.2011",null,8,8,18,30,"участник",null,"Зайдуллина Энже Фаизовна","МБОУ \"Адымнар-Нижнекамск\" НМР РТ","Родная (татарская) литература для обучающихся школ с родным языком обучения"]
["Сафиуллин","Булат","Айнурович","м","20.09.2011",null,8,8,18,30,"участник",null,"Зайдуллина Энже Фаизовна","МБОУ \"Адымнар-Нижнекамск\" НМР РТ","Родная (татарская) литература для обучающихся школ с родным языком обучения"]
["Тазеев","Инсаф","Ильмирович","м","19.10.2011",null,8,8,17,30,"участник",null,"Зайдуллина Энже Фаизовна","МБОУ \"Адымнар-Нижнекамск\" НМР РТ","Родная (татарская) литература для обучающихся школ с родным языком обучения"]
["Афлятунов","Амиль","Расимович","м","30.01.2011",null,8,8,17,30,"участник",null,"Зайдуллина Энже Фаизовна","МБОУ \"Адымнар-Нижнекамск\" НМР РТ","Родная (татарская) литература для обучающихся школ с родным языком обучения"]
["Мухамедзянова","Замира","Робертовна","ж","24.08.2011",null,8,8,17,30,"участник",null,"Зайдуллина Энже Фаизовна","МБОУ \"Адымнар-Нижнекамск\" НМР РТ","Родная (татарская) литература для обучающихся школ с родным языком обучения"]
["Сафиуллина","Амира","Ильдаровна","ж","23.06.2011",null,8,8,14,30,"участник",null,"Зайдуллина Энже Фаизовна","МБОУ \"Адымнар-Нижнекамск\" НМР РТ","Родная (татарская) литература для обучающихся школ с родным языком обучения"]
["Низамов","Тимур","Айратович","м","02.02.2011",null,8,8,13,30,"участник",null,"Зайдуллина Энже Фаизовна","МБОУ \"Адымнар-Нижнекамск\" НМР РТ","Родная (татарская) литература для обучающихся школ с родным языком обучения"]
["Асадуллина","Наиля","Фаридовна","ж","01.08.2011",null,8,8,13,30,"участник",null,"Зайдуллина Энже Фаизовна","МБОУ \"Адымнар-Нижнекамск\" НМР РТ","Родная (татарская) литература для обучающихся школ с родным языком обучения"]
["Хисамова","Самира","Раилевна","ж","07.04.2011",null,8,8,13,30,"участник",null,"Зайдуллина Энже Фаизовна","МБОУ \"Адымнар-Нижнекамск\" НМР РТ","Родная (татарская) литература для обучающихся школ с родным языком обучения"]
["Султанова","Айзиля","Ильнуровна","ж","03.03.2010",null,9,9,32,35,"победитель",null,"Ялалова Зульфия Фаеловна","МБОУ \"Адымнар-Нижнекамск\" НМР РТ","Родная (татарская) литература для обучающихся школ с родным языком обучения"]
["Хамитова","Лилия","Рафаиловна","ж","13.12.2010",null,9,9,32,35,"победитель",null,"Ялалова Зульфия Фаеловна","МБОУ \"Адымнар-Нижнекамск\" НМР РТ","Родная (татарская) литература для обучающихся школ с родным языком обучения"]
["Закирова","Аделя","Фидаилевна","ж","13.04.2010",null,9,9,28,35,"призер",null,"Валеева Лейсан Мидхатовна","МБОУ \"Адымнар-Нижнекамск\" НМР РТ","Родная (татарская) литература для обучающихся школ с родным языком обучения"]
["Хасанова","Ниля","Наилевна","ж","18.11.2009",null,9,9,27,35,"участник",null,"Ялалова Зульфия Фаеловна","МБОУ \"Адымнар-Нижнекамск\" НМР РТ","Родная (татарская) литература для обучающихся школ с родным языком обучения"]
["Кадырова","Камила","Руслановна","ж","16.02.2010",null,9,9,27,35,"участник",null,"Ялалова Зульфия Фаеловна","МБОУ \"Адымнар-Нижнекамск\" НМР РТ","Родная (татарская) литература для обучающихся школ с родным языком обучения"]
["Зарипова","Ясмина","Рустемовна","ж","05.08.2010",null,9,9,27,35,"участник",null,"Ялалова Зульфия Фаеловна","МБОУ \"Адымнар-Нижнекамск\" НМР РТ","Родная (татарская) литература для обучающихся школ с родным языком обучения"]
["Хасаншина","Айзиля","Альбертовна","ж","05.04.2010",null,9,9,27,35,"участник",null,"Валеева Лейсан Мидхатовна","МБОУ \"Адымнар-Нижнекамск\" НМР РТ","Родная (татарская) литература для обучающихся школ с родным языком обучения"]
["Галимова","Илиза","Руслановна","ж","11.12.2009",null,9,9,16,35,"участник",null,"Валеева Лейсан Мидхатовна","МБОУ \"Адымнар-Нижнекамск\" НМР РТ","Родная (татарская) литература для обучающихся школ с родным языком обучения"]
["Латыпова","Аиша","Руслановна","ж","05.01.2010",null,9,9,16,35,"участник",null,"Валеева Лейсан Мидхатовна","МБОУ \"Адымнар-Нижнекамск\" НМР РТ","Родная (татарская) литература для обучающихся школ с родным языком обучения"]
["Гильманова","Амира","Зульфатовна","ж","24.12.2010",null,9,9,16,35,"участник",null,"Валеева Лейсан Мидхатовна","МБОУ \"Адымнар-Нижнекамск\" НМР РТ","Родная (татарская) литература для обучающихся школ с родным языком обучения"]
["Закирова","Амина","Рамилевна","ж","09.11.2009",null,9,9,13,35,"участник",null,"Ялалова Зульфия Фаеловна","МБОУ \"Адымнар-Нижнекамск\" НМР РТ","Родная (татарская) литература для обучающихся школ с родным языком обучения"]
["Фазуллина","Илина","Ильнуровна","ж","15.05.2010",null,9,9,13,35,"участник",null,"Ялалова Зульфия Фаеловна","МБОУ \"Адымнар-Нижнекамск\" НМР РТ","Родная (татарская) литература для обучающихся школ с родным языком обучения"]
["Ахметшин","Алмаз","Айратович","м","08.04.2010",null,9,9,13,35,"участник",null,"Ялалова Зульфия Фаеловна","МБОУ \"Адымнар-Нижнекамск\" НМР РТ","Родная (татарская) литература для обучающихся школ с родным языком обучения"]
["Ибрагимов","Камиль","Мударисович","м","03.03.2010",null,9,9,13,35,"участник",null,"Ялалова Зульфия Фаеловна","МБОУ \"Адымнар-Нижнекамск\" НМР РТ","Родная (татарская) литература для обучающихся школ с родным языком обучения"]
["Габиев","Радмир","Радикович","м","05.04.2010",null,9,9,13,35,"участник",null,"Ялалова Зульфия Фаеловна","МБОУ \"Адымнар-Нижнекамск\" НМР РТ","Родная (татарская) литература для обучающихся школ с родным языком обучения"]
["Хайруллина","Миляуша","Вадимовна","ж","20.03.2010",null,9,9,13,35,"участник",null,"Ялалова Зульфия Фаеловна","МБОУ \"Адымнар-Нижнекамск\" НМР РТ","Родная (татарская) литература для обучающихся школ с родным языком обучения"]
["Шамсудинова","Дилия","Анваровна","ж","26.11.2009",null,9,9,13,35,"участник",null,"Ялалова Зульфия Фаеловна","МБОУ \"Адымнар-Нижнекамск\" НМР РТ","Родная (татарская) литература для обучающихся школ с родным языком обучения"]
["Константинов","Денис","Вячеславович","м","14.05.2010",null,9,9,13,35,"участник",null,"Ялалова Зульфия Фаеловна","МБОУ \"Адымнар-Нижнекамск\" НМР РТ","Родная (татарская) литература для обучающихся школ с родным языком обучения"]
["Шамсутдинова","Ралина","Ильдаровна","ж","27.05.2009",null,10,10,33,37,"победитель",null,"Ялалова Зульфия Фаеловна","МБОУ \"Адымнар-Нижнекамск\" НМР РТ","Родная (татарская) литература для обучающихся школ с родным языком обучения"]
["Гайнутдинова","Аделина","Дамировна","ж","17.04.2009",null,10,10,32,37,"призер",null,"Ялалова Зульфия Фаеловна","МБОУ \"Адымнар-Нижнекамск\" НМР РТ","Родная (татарская) литература для обучающихся школ с родным языком обучения"]
["Хузиахметова","Адиля","Ильдаровна","ж","09.12.2008",null,10,10,24,37,"участник",null,"Валеева Лейсан Мидхатовна","МБОУ \"Адымнар-Нижнекамск\" НМР РТ","Родная (татарская) литература для обучающихся школ с родным языком обучения"]
["Мухаметшина","Альбина","Рамилевна","ж","27.05.2009",null,10,10,24,37,"участник",null,"Ялалова Зульфия Фаеловна","МБОУ \"Адымнар-Нижнекамск\" НМР РТ","Родная (татарская) литература для обучающихся школ с родным языком обучения"]
["Шарапова","Айсылу","Айратовна","ж","29.04.2009",null,10,10,24,37,"участник",null,"Валеева Лейсан Мидхатовна","МБОУ \"Адымнар-Нижнекамск\" НМР РТ","Родная (татарская) литература для обучающихся школ с родным языком обучения"]
["Ганиева","Камилла","Андреевна","ж","05.02.2009",null,10,10,24,37,"участник",null,"Валеева Лейсан Мидхатовна","МБОУ \"Адымнар-Нижнекамск\" НМР РТ","Родная (татарская) литература для обучающихся школ с родным языком обучения"]
["Лукоянова","Валерия","Александровна","ж","15.01.2009",null,10,10,24,37,"участник",null,"Валеева Лейсан Мидхатовна","МБОУ \"Адымнар-Нижнекамск\" НМР РТ","Родная (татарская) литература для обучающихся школ с родным языком обучения"]
["Сагирова","Чулпан","Раилевна","ж","22.07.2009",null,10,10,20,37,"участник",null,"Ялалова Зульфия Фаеловна","МБОУ \"Адымнар-Нижнекамск\" НМР РТ","Родная (татарская) литература для обучающихся школ с родным языком обучения"]
["Шакурова","Эллина","Ленаровна","ж","17.04.2009",null,10,10,20,37,"участник",null,"Ялалова Зульфия Фаеловна","МБОУ \"Адымнар-Нижнекамск\" НМР РТ","Родная (татарская) литература для обучающихся школ с родным языком обучения"]
["Вильданова","Аделия","Маратовна","ж","06.10.2009",null,10,10,20,37,"участник",null,"Ялалова Зульфия Фаеловна","МБОУ \"Адымнар-Нижнекамск\" НМР РТ","Родная (татарская) литература для обучающихся школ с родным языком обучения"]
["Аглямова","Лейла","Рамисовна","ж","15.01.2009",null,10,10,20,37,"участник",null,"Валеева Лейсан Мидхатовна","МБОУ \"Адымнар-Нижнекамск\" НМР РТ","Родная (татарская) литература для обучающихся школ с родным языком обучения"]
["Гильмутдинова","Азалия","Алмазовна","ж","11.02.2009",null,10,10,15,37,"участник",null,"Валеева Лейсан Мидхатовна","МБОУ \"Адымнар-Нижнекамск\" НМР РТ","Родная (татарская) литература для обучающихся школ с родным языком обучения"]
["Ибрагимов","Таир","Фаритович","м","02.07.2009",null,10,10,15,37,"участник",null,"Валеева Лейсан Мидхатовна","МБОУ \"Адымнар-Нижнекамск\" НМР РТ","Родная (татарская) литература для обучающихся школ с родным языком обучения"]
["Хуснутдинов","Самир","Ленарович","м","12.09.2009",null,10,10,15,37,"участник",null,"Валеева Лейсан Мидхатовна","МБОУ \"Адымнар-Нижнекамск\" НМР РТ","Родная (татарская) литература для обучающихся школ с родным языком обучения"]